[Event "Challenge"]
[Site "http://www.queenalice.com/game.php?id=1602421"]
[Date "2020.3.13"]
[Round "-"]
[White "George1955"]
[Black "NimbleKnight"]
[Result "1-0"]
[WhiteElo "2271"]
[BlackElo "2191"]

1. e4 e6 2. d4 d5 3. Nc3 Bb4 4. e5 c5 5. a3 Bxc3+ 6. bxc3 Ne7 7. Qg4 O-O 8. Bd3
f5 9. exf6 Rxf6 10. Bg5 Rf7 11. Qh5 g6 12. Qd1 Qa5 13. Bd2 Nbc6 14. Nf3 Qc7 15.
O-O e5 16. dxe5 Nxe5 17. Be2 Bf5 18. Re1 N7c6 19. Be3 Nxf3+ 20. Bxf3 Ne7 21. Bg5
Kg7 22. Qd2 h6 23. Bxh6+ Kg8 24. c4 d4 25. Re2 Rd8 26. Rae1 b6 27. Qg5 Rd7 28.
Bd5 Nxd5 29. cxd5 Rxd5 30. Re8+ Kh7 31. Bf8 Be6 32. Qh6+ Kg8 33. Bxc5+ Rf8 34.
Rxf8# 1-0

[Event "Challenge"]
[Site "http://www.queenalice.com/game.php?id=1604163"]
[Date "2020.3.25"]
[Round "-"]
[White "George1955"]
[Black "NimbleKnight"]
[Result "1-0"]
[WhiteElo "2281"]
[BlackElo "2171"]

1. e4 d5 2. exd5 Qxd5 3. Nc3 Qa5 4. d4 Nf6 5. Nf3 Bf5 6. Bc4 e6 7. Bd2 c6 8. Nd5
Qd8 9. Nxf6+ gxf6 10. Bb3 Nd7 11. Qe2 Be7 12. O-O-O Qc7 13. Nh4 Bg6 14. g3 O-O-O
15. Nxg6 hxg6 16. h4 Kb8 17. h5 Rxh5 18. Rxh5 gxh5 19. Qxh5 Rf8 20. Bh6 Rh8 21.
Qxf7 Rxh6 22. Qxe7 e5 23. dxe5 Nb6 24. Rd8+ Nc8 25. Be6 Qxe7 26. Rxc8# 1-0

[Event "Challenge"]
[Site "http://www.queenalice.com/game.php?id=1607430"]
[Date "2020.4.13"]
[Round "-"]
[White "George1955"]
[Black "Quasimodem"]
[Result "1-0"]
[WhiteElo "2260"]
[BlackElo "2241"]

1. e4 b6 2. d4 Bb7 3. Bd3 e6 4. Nf3 d6 5. c4 Nd7 6. Nc3 g6 7. O-O Bg7 8. Be3 Ne7
9. Qd2 h6 10. Bc2 a6 11. d5 e5 12. a3 Kf8 13. Ne1 g5 14. Nd3 Kg8 15. Ba4 Kh7 16.
f3 Nf6 17. b4 Ng6 18. c5 b5 19. Bc2 Nf4 20. c6 Bc8 21. a4 bxa4 22. Rxa4 Rb8 23.
Rb1 Qe7 24. b5 axb5 25. Rxb5 Rxb5 26. Nxb5 Qd8 27. Bxf4 gxf4 28. Ra8 1-0

[Event "AUTO-ELITE-2126"]
[Site "http://www.queenalice.com/game.php?id=1627744"]
[Date "2020.9.22"]
[Round "2"]
[White "fred57"]
[Black "George1955"]
[Result "1/2-1/2"]
[WhiteElo "2890"]
[BlackElo "2360"]

1. e4 e5 2. Nf3 Nf6 3. d4 exd4 4. e5 Ne4 5. Qxd4 d5 6. exd6 Nxd6 7. Nc3 Nc6 8.
Qf4 Nf5 9. Bb5 Bd6 10. Qe4+ Qe7 11. Bd2 a6 12. Bxc6+ bxc6 13. O-O-O Qxe4 14.
Nxe4 f6 15. Rhe1 Kf7 16. Nxd6+ cxd6 17. Ba5 d5 18. Bb6 h5 19. Bc5 Bd7 20. g3 g5
21. Rd3 Rhe8 22. Rb3 Reb8 23. Ra3 Be6 24. b4 g4 25. Nd2 h4 26. Nb3 Bd7 27. Kb2
h3 28. Kc3 Re8 29. Rxe8 Kxe8 30. Nd4 Nh6 31. Kd2 Nf5 32. Rc3 Nxd4 33. Bxd4 Kf7
34. Ra3 Kg6 35. Be3 Kf5 36. Kd3 Rb8 37. Bc5 Ra8 38. Kd2 Be6 1/2-1/2

[Event "AUTO-ELITE-2126"]
[Site "http://www.queenalice.com/game.php?id=1627745"]
[Date "2020.9.22"]
[Round "2"]
[White "George1955"]
[Black "fred57"]
[Result "1/2-1/2"]
[WhiteElo "2349"]
[BlackElo "2888"]

1. e4 c5 2. Nf3 Nc6 3. d4 cxd4 4. Nxd4 e6 5. Nc3 a6 6. Be3 Nf6 7. a3 Qc7 8. Be2
b5 9. f4 Bb7 10. Bf3 b4 11. axb4 Bxb4 12. O-O Bxc3 13. bxc3 Na5 14. Qd3 Nc4 15.
Bf2 O-O 16. Rfb1 Rfc8 17. e5 Nd5 18. g3 Ndb6 19. Bxb7 Qxb7 20. Nb3 Qc7 21. Na5
Rcb8 22. Rb4 Nxa5 23. Rxa5 Nd5 24. Rxb8+ Rxb8 25. Qxa6 h5 26. c4 Nb4 27. Qa7 Rb7
28. Qa8+ Rb8 29. Ra7 Qc8 30. Qe4 Nc6 31. Ra1 1/2-1/2

[Event "AUTO-ELITE-2290"]
[Site "http://www.queenalice.com/game.php?id=1635518"]
[Date "2020.12.6"]
[Round "1"]
[White "WeirdGoblin"]
[Black "George1955"]
[Result "0-1"]
[WhiteElo "2202"]
[BlackElo "2332"]

1. d4 d5 2. c4 c6 3. Nf3 Nf6 4. Nc3 e6 5. cxd5 exd5 6. Bg5 h6 7. Bh4 Bf5 8. e3
Nbd7 9. Be2 Bd6 10. O-O O-O 11. h3 g5 12. Nxg5 hxg5 13. Bxg5 Kh8 14. f3 Rg8 15.
Bh4 Bxh3 16. Rf2 Qf8 0-1

[Event "AUTO-ELITE-2290"]
[Site "http://www.queenalice.com/game.php?id=1635519"]
[Date "2020.12.6"]
[Round "1"]
[White "George1955"]
[Black "WeirdGoblin"]
[Result "1-0"]
[WhiteElo "2324"]
[BlackElo "2206"]

1. e4 c6 2. d4 d5 3. e5 Bf5 4. Nf3 e6 5. Be2 c5 6. Be3 cxd4 7. Nxd4 Ne7 8. c4
Nbc6 9. Qa4 Bxb1 10. Rxb1 a6 11. O-O Rc8 12. cxd5 Nxd5 13. Nxc6 Rxc6 14. Bxa6
Qc8 15. Rbc1 1-0

[Event "AUTO-ELITE-2290"]
[Site "http://www.queenalice.com/game.php?id=1635526"]
[Date "2020.12.6"]
[Round "1"]
[White "George1955"]
[Black "RaulSoft"]
[Result "0-1"]
[WhiteElo "2371"]
[BlackElo "2704"]

1. e4 e5 2. Nf3 Nc6 3. Bb5 Nf6 4. O-O Nxe4 5. d4 Nd6 6. Bxc6 dxc6 7. dxe5 Nf5 8.
Qxd8+ Kxd8 9. Nc3 Ke8 10. h3 a5 11. Ne2 a4 12. Bd2 c5 13. Rad1 Be6 14. Nc3 Nd4
15. Nxd4 cxd4 16. Nb5 Kd7 17. Nxd4 Bxa2 18. Rfe1 Bc5 19. Nf5 g6 20. Be3+ Kc6 21.
Nd4+ Bxd4 22. Rxd4 b5 23. Ra1 Bc4 24. Bg5 Kb7 25. c3 Be6 26. f3 Rhc8 27. Rdd1
Kb6 28. Kf2 c5 29. Rd6+ Rc6 30. Bd8+ Kb7 31. Rd2 b4 32. cxb4 cxb4 33. Be7 Rc4
34. Bd6 Ra6 35. Bf8 Ra8 36. Bd6 Ra7 37. Ke2 Kb6 38. Bf8 Kb5 39. Bd6 Ra6 40. Ke1
Rac6 41. Rad1 a3 42. bxa3 b3 43. Rb2 Ka4 44. Ke2 Rc2+ 45. Rd2 Bf5 46. g4 Rxb2
47. Rxb2 Bc2 48. Ke3 Kb5 49. Bb4 Kc4 50. f4 Kd5 51. Ba5 Rc4 52. Kf3 Rd4 53. Bd8
Rd3+ 54. Kg2 Ke4 55. Bg5 h5 56. gxh5 gxh5 57. h4 Rd5 58. Kg3 Rd1 59. Kf2 Rd2+
60. Kg3 Kf5 61. Bh6 Rd1 62. Bg5 Ra1 0-1

[Event "AUTO-ELITE-2290"]
[Site "http://www.queenalice.com/game.php?id=1635527"]
[Date "2020.12.6"]
[Round "1"]
[White "RaulSoft"]
[Black "George1955"]
[Result "1/2-1/2"]
[WhiteElo "2649"]
[BlackElo "2340"]

1. d4 d5 2. c4 c6 3. Nc3 Nf6 4. Nf3 e6 5. e3 Nbd7 6. Bd3 dxc4 7. Bxc4 b5 8. Bd3
Bb7 9. O-O a6 10. e4 c5 11. d5 Qc7 12. dxe6 fxe6 13. Bc2 Bd6 14. Ng5 Nf8 15. f4
O-O-O 16. Qe2 h6 17. Nf3 Bxf4 18. e5 Bxf3 19. Rxf3 Bxe5 20. a4 Ng4 21. axb5 Bd4+
22. Kf1 Nxh2+ 23. Ke1 Nxf3+ 24. Qxf3 Nd7 25. bxa6 Ne5 26. Qe4 Qc6 27. a7 Kb7 28.
Bf4 Qxe4+ 29. Bxe4+ Nc6 30. Nb5 e5 31. Bd2 Kb6 32. Na3 Nxa7 33. Nc4+ Kb5 34.
Na3+ Kb6 35. Nc4+ Kb5 36. Na3+ Kb6 1/2-1/2

[Event "AUTO-OPEN-3939"]
[Site "http://www.queenalice.com/game.php?id=1773919"]
[Date "2021.11.3"]
[Round "2"]
[White "clovis"]
[Black "George1955"]
[Result "0-1"]
[WhiteElo "2117"]
[BlackElo "2371"]

1. e4 e5 2. Bc4 Nf6 3. Nc3 Nxe4 4. Nf3 Nxc3 5. dxc3 f6 6. Nxe5 Qe7 7. O-O fxe5
8. Re1 d6 9. f4 Be6 10. Bxe6 Qxe6 11. fxe5 d5 0-1

[Event "AUTO-OPEN-3939"]
[Site "http://www.queenalice.com/game.php?id=1773920"]
[Date "2021.11.3"]
[Round "2"]
[White "George1955"]
[Black "clovis"]
[Result "1-0"]
[WhiteElo "2392"]
[BlackElo "2076"]

1. e4 e5 2. Nf3 Nc6 3. Bb5 f5 4. Nc3 fxe4 5. Nxe4 d5 6. Nxe5 dxe4 7. Nxc6 Qd5 8.
c4 Qd6 9. Nxa7+ c6 10. Nxc8 Rxc8 11. Ba4 Nf6 12. Rb1 Qd4 13. O-O Bc5 14. b4 Bd6
15. Bb2 Qxc4 16. d3 Qxd3 17. Bxf6 gxf6 18. Qh5+ Ke7 19. Rfd1 Qc4 20. Bb3 Qc3 21.
Qf7+ 1-0

[Event "AUTO-OPEN-3939"]
[Site "http://www.queenalice.com/game.php?id=1780481"]
[Date "2022.1.15"]
[Round "3"]
[White "George1955"]
[Black "bonow"]
[Result "1-0"]
[WhiteElo "2395"]
[BlackElo "2271"]

1. e4 c5 2. Nf3 Nc6 3. d4 cxd4 4. Nxd4 Nxd4 5. Qxd4 Nf6 6. e5 Ng8 7. Nc3 e6 8.
Nb5 a6 9. Nd6+ Bxd6 10. exd6 Nf6 11. g4 Nxg4 12. Qxg4 Rg8 13. Bd2 Qb6 14. O-O-O
Qxd6 15. Bb4 Qc7 16. Bd6 Qc6 17. Bg2 Qb5 18. Qh4 h6 19. Qe7# 1-0

[Event "AUTO-OPEN-3939"]
[Site "http://www.queenalice.com/game.php?id=1780482"]
[Date "2022.1.15"]
[Round "3"]
[White "bonow"]
[Black "George1955"]
[Result "0-1"]
[WhiteElo "2278"]
[BlackElo "2402"]

1. e4 e5 2. Nf3 Nc6 3. Bb5 a6 4. Ba4 Nf6 5. O-O Be7 6. c3 Nxe4 7. d4 exd4 8.
cxd4 b5 9. Bc2 d5 10. Re1 Bg4 11. h3 Bxf3 12. Qxf3 Nxd4 13. Qe3 Nxc2 14. Qe2
Nxa1 15. Bf4 O-O 16. Nc3 Bb4 17. Rxa1 Nxc3 18. bxc3 Bxc3 19. Rd1 Re8 20. Qf3 d4
0-1

[Event "AUTO-ELITE-2420"]
[Site "http://www.queenalice.com/game.php?id=1792257"]
[Date "2022.7.10"]
[Round "1"]
[White "George1955"]
[Black "raulzampronha"]
[Result "1-0"]
[WhiteElo "2408"]
[BlackElo "2258"]

1. e4 d6 2. d4 Nf6 3. Nc3 e5 4. Nge2 Nbd7 5. g3 Be7 6. Bg2 O-O 7. O-O c6 8. a4
Qc7 9. h3 b6 10. d5 Bb7 11. g4 cxd5 12. exd5 a6 13. Ng3 g6 14. Bh6 Rfc8 15. g5
Ne8 16. f4 exf4 17. Rxf4 Ne5 18. Qe2 Qd8 19. h4 Rxc3 20. bxc3 Rc8 21. Raf1 Rxc3
22. Rxf7 Nxf7 23. Rxf7 1-0

[Event "AUTO-ELITE-2420"]
[Site "http://www.queenalice.com/game.php?id=1792258"]
[Date "2022.7.10"]
[Round "1"]
[White "raulzampronha"]
[Black "George1955"]
[Result "0-1"]
[WhiteElo "2251"]
[BlackElo "2413"]

1. d4 d5 2. c4 c6 3. Nf3 Nf6 4. cxd5 cxd5 5. Nc3 Nc6 6. Bf4 Bf5 7. e3 e6 8. Bb5
Nd7 9. O-O Rc8 10. Rc1 Be7 11. Na4 g5 12. Be5 O-O 13. Bxc6 Rxc6 14. Rxc6 bxc6
15. Bg3 h5 16. h3 h4 17. Bh2 Qa5 18. a3 f6 19. b4 Qb5 20. Qb3 a5 21. Nc3 Qb7 22.
b5 cxb5 23. Qxb5 Qxb5 24. Nxb5 Bd3 0-1

[Event "Challenge"]
[Site "http://www.queenalice.com/game.php?id=1801123"]
[Date "2022.12.1"]
[Round "-"]
[White "George1955"]
[Black "erminius"]
[Result "1/2-1/2"]
[WhiteElo "2418"]
[BlackElo "2438"]

1. e4 Nc6 2. d4 e5 3. dxe5 Nxe5 4. f4 Ng6 5. Nc3 Bb4 6. Qd4 Bxc3+ 7. Qxc3 d5 8.
e5 d4 9. Qb3 N8e7 10. Bc4 O-O 11. Nf3 h6 12. O-O c5 13. Bd2 Qb6 14. h3 Be6 15.
g4 Qxb3 16. axb3 Bxc4 17. bxc4 Nc6 18. Rfe1 Rfe8 19. Kf2 Nf8 20. b3 a6 21. Nh4
g6 22. Nf3 b5 23. f5 bxc4 24. bxc4 Nd7 25. fxg6 Ncxe5 26. Nxe5 Nxe5 27. Bxh6
Nxg6 28. Rxe8+ Rxe8 29. Rxa6 Rb8 30. Ke2 Re8+ 31. Kf2 Rb8 32. Ke2 Re8+ 33. Kf2
Rb8 1/2-1/2

[Event "AUTO-ELITE-2420"]
[Site "http://www.queenalice.com/game.php?id=1811307"]
[Date "2023.5.5"]
[Round "2"]
[White "George1955"]
[Black "Sexxy_Bunny"]
[Result "1/2-1/2"]
[WhiteElo "2424"]
[BlackElo "2758"]

1. e4 c5 2. Nf3 d6 3. Bb5+ Bd7 4. Bxd7+ Qxd7 5. c4 Nf6 6. Nc3 g6 7. d4 cxd4 8.
Nxd4 Bg7 9. f3 O-O 10. Be3 Nc6 11. O-O a6 12. Qd3 Ne5 13. Qe2 Rac8 14. b3 b5 15.
Nd5 Nxd5 16. cxd5 e6 17. dxe6 fxe6 18. Rad1 Nc6 19. h3 Nxd4 20. Bxd4 Bxd4+ 21.
Rxd4 Qa7 22. Qf2 Rc2 23. Qxc2 Qxd4+ 24. Kh1 Qb6 25. Rd1 Rd8 26. Qd2 d5 27. Qg5
Qd6 28. h4 Kf7 29. Kg1 Qe7 30. exd5 Qxg5 31. hxg5 exd5 32. f4 Rc8 33. Rxd5 Rc2
34. Rd7+ Kg8 35. Rd8+ Kf7 36. Rd7+ Kg8 37. Rd8+ Kf7 38. Rd7+ 1/2-1/2

[Event "AUTO-ELITE-2420"]
[Site "http://www.queenalice.com/game.php?id=1811308"]
[Date "2023.5.5"]
[Round "2"]
[White "Sexxy_Bunny"]
[Black "George1955"]
[Result "1/2-1/2"]
[WhiteElo "2751"]
[BlackElo "2437"]

1. e4 e5 2. Nf3 Nc6 3. Bb5 a6 4. Ba4 Nf6 5. O-O Be7 6. Re1 b5 7. Bb3 d6 8. c3
O-O 9. h3 Bb7 10. d4 Re8 11. Nbd2 Bf8 12. d5 Nb8 13. Nf1 Nbd7 14. N3h2 c6 15.
dxc6 Bxc6 16. Bg5 Qc7 17. Qf3 a5 18. Rad1 Qb7 19. Ng3 a4 20. Bc2 b4 21. Nf5 b3
22. axb3 axb3 23. Bd3 Re6 24. Bxf6 Nxf6 25. Ng4 Ra4 26. Ng3 Nxg4 27. Qxg4 d5 28.
Qe2 g6 29. exd5 Bxd5 30. Be4 Bxe4 31. Nxe4 f5 32. Ng5 Re8 33. Rd4 Rxd4 34. cxd4
Qd5 35. dxe5 Bb4 36. Ra1 Rxe5 37. Qa6 Kg7 38. Nf3 Re7 39. h4 Bc5 40. Qf1 Rd7 41.
h5 gxh5 42. Qc1 Be7 43. Qf4 Bf6 44. Nh4 Qe5 45. Nxf5+ Kg6 46. Qxe5 Bxe5 47. Ne3
Rd3 48. Nc4 Bf6 49. Kf1 Rd4 50. Ra4 Rd1+ 51. Ke2 Rc1 52. Nd2 Rc2 53. Rb4 Bxb2
54. Rxb3 Bc3 55. Rb6+ Kf5 56. Rd6 h4 57. Ke3 Bxd2+ 58. Rxd2 Rxd2 59. Kxd2 Ke4
1/2-1/2